Rusudan Petviashvili / Art Gallery / რუსუდან ფეტვიაშვილი / გალერეა (Record no. 1982)

000 -LEADER
fixed length control field 00856nam a22001937a 4500
003 - CONTROL NUMBER IDENTIFIER
control field OSt
005 - DATE AND TIME OF LATEST TRANSACTION
control field 20210416111350.0
008 - FIXED-LENGTH DATA ELEMENTS--GENERAL INFORMATION
fixed length control field 210305s2001 ||||| |||| 00| 0 eng d
040 ## - CATALOGING SOURCE
Original cataloging agency eng
Language of cataloging eng
Transcribing agency DLC
041 ## - LANGUAGE CODE
Language code of text/sound track or separate title eng
-- geo
-- rus
080 ## - UNIVERSAL DECIMAL CLASSIFICATION NUMBER
Universal Decimal Classification number 7
Item number P-52
100 ## - MAIN ENTRY--PERSONAL NAME
9 (RLIN) 1259
Personal name Petviashvili, Rusudan / ფეტვიაშვილი, რუსუდან / Петвиашвили, Русудан
245 ## - TITLE STATEMENT
Title Rusudan Petviashvili / Art Gallery / რუსუდან ფეტვიაშვილი / გალერეა
Remainder of title : Русудан Петвиашвили / Галерея
Statement of responsibility, etc. / by: Omega, Tegi / ომეგა თეგი
260 ## - PUBLICATION, DISTRIBUTION, ETC.
Place of publication, distribution, etc. თბილისი / Tbilisi / ТБилиси
Name of publisher, distributor, etc. Omega, Tegi / ომეგა თეგი
Date of publication, distribution, etc. 2001
300 ## - PHYSICAL DESCRIPTION
Extent 54 p.
Other physical details ill.
650 #0 - SUBJECT ADDED ENTRY--TOPICAL TERM
9 (RLIN) 447
Topical term or geographic name entry element Art
653 ## - INDEX TERM--UNCONTROLLED
Uncontrolled term ხელოვნება
942 ## - ADDED ENTRY ELEMENTS (KOHA)
Source of classification or shelving scheme
Koha item type Books
Holdings
Withdrawn status Lost status Source of classification or shelving scheme Damaged status Not for loan Permanent location Current location Date acquired Inventory number Total Checkouts Full call number Barcode Date last seen Price effective from Koha item type
          Ken Walker International University Ken Walker International University 03/05/2021 1503   7 P-52 1503 03/05/2021 03/05/2021 Books

Powered by Koha